Biện pháp quản lý phương tiện dạy học ở trường Trung học phổ thông tỉnh Xêkong Nước Cộng hòa dân chủ nhân dân Lào

Cơ sở lý luận của công tác quản lý phương tiện dạy học trong trường THPT. Thực trạng quản lý PTDH của Hiệu trưởng trường THPT tỉnh Xêkong Nước CHXHND Lào. Các biện pháp quản lý của hiệu trưởng các trường THPT tỉnh Xêkong nước CHDCND Lào....

ver descrição completa

Na minha lista:
Detalhes bibliográficos
Autor principal: Bounthieng Inthavong
Outros Autores: Lê Quang Sơn TS (Hướng dẫn)
Formato: Livro
Idioma:Vietnamese
Publicado em: Đà Nẵng Đại học Đà Nẵng 2007
Assuntos:
Tags: Adicionar Tag
Sem tags, seja o primeiro a adicionar uma tag!
Thư viện lưu trữ: Mạng thư viện Đại học Đà Nẵng
LEADER 01755nam a2200349 4500
001 000010791
003 7010
005 20111221091207.0
008 111221s2007 viesd
041 |a vie 
072 |a Luận văn Thạc sĩ khoa học giáo dục 
082 |a 371.33  |b BO-I 
100 1 |a Bounthieng Inthavong 
245 1 |a Biện pháp quản lý phương tiện dạy học ở trường Trung học phổ thông tỉnh Xêkong Nước Cộng hòa dân chủ nhân dân Lào  |c Bounthieng Inthavong 
260 |a Đà Nẵng  |b Đại học Đà Nẵng  |c 2007 
300 |a 93 tr.  |c 29 cm  |e 1 tóm tắt 
500 |a Luận văn Thạc sĩ Khoa học giáo dục. Chuyên ngành: Quản lý giáo dục. Mã số: 60.14.05 
520 |a Cơ sở lý luận của công tác quản lý phương tiện dạy học trong trường THPT. Thực trạng quản lý PTDH của Hiệu trưởng trường THPT tỉnh Xêkong Nước CHXHND Lào. Các biện pháp quản lý của hiệu trưởng các trường THPT tỉnh Xêkong nước CHDCND Lào. 
653 |a Quản lý giáo dục trường THPT 
653 |a Luận văn Thạc sĩ Khoa học giáo dục 
653 |a Tỉnh Xêkong Nước CHDCND Lào 
700 1 |a Lê Quang Sơn  |c TS  |e Hướng dẫn 
OWN |a LSP 
AVA |a UDN50  |b LSP  |d 371.33 BO-I  |e available  |t Error 5001 Not defined in file expand_doc_bib_avail.  |f 1  |g 0  |h N  |i 0  |k 1 
999 |a From the UDN01 
AVA |a UDN50  |b LSP  |d 371.33 BO-I  |e available  |t Error 5001 Not defined in file expand_doc_bib_avail.  |f 1  |g 0  |h N  |i 0  |k 1 
TYP |a Monograph 
TYP |a Printed language 
980 |a Mạng thư viện Đại học Đà Nẵng